| 000 | 00438nam a22001817a 4500 | ||
|---|---|---|---|
| 003 | CEME | ||
| 005 | 20210628205614.0 | ||
| 008 | 210308b xxu||||| |||| 00| 0 eng d | ||
| 020 | _a0-7506-3100-7 | ||
| 040 | _c. | ||
| 082 | _a621.38853 TRU'S | ||
| 100 |
_aTrundle, Eugene _962816 |
||
| 245 | _aServicing tv satellite and video equipment | ||
| 250 | _a2ND | ||
| 260 |
_aNEWDELHI _bNEWNES _c1997 |
||
| 300 | _a312P | ||
| 942 |
_cBK _2ddc |
||
| 999 |
_c581631 _d581631 |
||